LEADER 01297nam a2200265 i 4500 001 000000051673 003 CaOOAMICUS 005 20231013114220.0 008 130118s1641 fr u000 u lat u 013 $a22845 026 $aE.e, n.r- 8.s, moel (3) 1641 (R) 040 $aSeMil$bita 100 1 $aBarbosa, Agostinho,$d<1590-1649>.$0(OLS)http://semarc/name/12484 245 10$a1. 300 $a2 pt. ([36], 176; 8, 185-480 [i.e. 478], [114] p.) :$bill. 500 $aSegn.: *6 2*-4*4 A-Y4; A-3P4 à-3ò4 500 $aLe p. 433-434 ripetute nella numerazione 500 $aRitratto calcogr. dell'A. a c. *1 v. 773 0 $aBarbosa, Agostinho, <1590-1649>$tAugustini Barbosae i.v.d. Lusitani ... Pastoralis solicitudinis, sive De officio, et potestate episcopi, tripartita descripti ... Quae toto hoc opere contineantur, sequens pagina indicabit.$bNunc demum ab ipso auctore recognita, variis resolutionibus exornata, & multis doctorum citationibus, aliisque accessionibus, ...$dLugduni : Sumptibus Laurentii Durand, 1641.$g1$w()27939 850 $aSeMil 852 $aSeMil$W1$xVenegono$y1$m2F VI 77 FA$j17828$B17828$CSeMilBibl$Z2$F17829 $8I 941 1 $a10 961 $aRecupero: Mantegazza 996 $6245$a1$9(OLS)http://semarc/title/6508 LEADER 01211nam a2200277 i 4500 001 000000053238 003 CaOOAMICUS 005 20140902000000.0 008 140902s1965 it u000 u ita u 013 $a24410 040 $aSeMil$bita 100 1 $aSchlier, Heinrich,$d<1900-1978>.$0(OLS)http://semarc/name/62 240 14$aDer Brief an die Galater.$0(OLS)http://semarc/title/81971 245 10$aLettera ai Galati /$cHeinrich Schlier ; traduzione di Maria Bellincioni. 260 $aBrescia :$bPaideia,$ccopyr. 1965. 300 $a308 p. ;$c24 cm. 490 0 $aBiblioteca di studi biblici ;$v3 500 $aContiene : Bibliografia. 650 4$aBibbia. Nuovo Testamento. Lettere ai Galati - Commentari, studi, critica, interpretazioni.$0(OLS)http://semarc/subject/5754 700 1 $aBellincioni, Maria.$0(OLS)http://semarc/name/3560 830 0$aBiblioteca di studi biblici ;$v3.$0(OLS)http://semarc/title/15770 850 $aSeMil 852 $aSeMil$W1$xVenegono$y1$m2Z IV 147$j19392$B19392$CSeMilBibl$Z2$F19394 $81 961 $aAcquisto: Casa editrice 996 $6245$aLettera ai Galati$9(OLS)http://semarc/title/81970 996 $6260$aBrescia :$bPaideia$9(OLS)http://semarc/publisher/29614